| 000 | 00595cam a22002051a 4500 | ||
|---|---|---|---|
| 001 | ca 34002105 | ||
| 003 | DLC | ||
| 005 | 20260227111136.0 | ||
| 008 | 890512s1934 ilua 000 0 eng | ||
| 010 | _aca 34002105 | ||
| 035 | _a(OCoLC)19699850 | ||
| 040 |
_aDLC _cInIB _dDLC |
||
| 042 | _apremarc | ||
| 050 | 0 | 0 |
_aPS3539.O14 _bS4 1934 |
| 100 | 1 |
_aTobias, Jay, _d1896- |
|
| 245 | 1 | 4 |
_aThe scarecrow creeps : _ba mystery comedy in three acts / _cby Jay Tobias. |
| 260 |
_aChicago : _bT.S. Denison & Co., _cc1934. |
||
| 300 |
_a136 p. : _bill. ; _c18 cm. |
||
| 490 | 0 | _aDenison's red letter series | |
| 999 |
_c17696 _d17696 |
||